Classifica Scarpa d'Oro 2011 - Statistics

Statistiche generali
  • Questo quiz è stato fatto 20 volte
  • Il punteggio medio è 9 su 16
Statistiche sulle risposte
Gol Coefficiente UEFA Punti Nazione Squadra Calciatore % Corretto
28 x2 56 Italia Udinese Antonio Di Natale
100%
40 x2 80 Portogallo Real Madrid Cristiano Ronaldo
100%
31 x2 62 Argentina Barcellona Lionel Messi
100%
26 x2 52 Uruguay Napoli Edinson Cavani
94%
21 x2 42 Camerun Inter Sameul Eto' o
82%
20 x2 40 Argentina Atletico Madrid Sergio Agüero
82%
20 x2 40 Matri Cagliari / Juventus Alessandro Matri
76%
21 x2 42 Bulgaria Manchester United Dimităr Berbatov
76%
28 x2 56 Germania Bayern Monaco Mario Gómez
76%
21 x2 42 Argentina Manchester City Carlos Tévez
59%
20 x2 40 Spagna Siviglia Álvaro Negredo
18%
28 x1,5 42 Brasile Fenerbahçe Alex
12%
27 x1,5 40,5 Svizzera Basilea Alexander Frei
12%
22 x2 44 Francia Lorient Kevin Gameiro
6%
22 x2 44 Senegal Friburgo Papiss Cissé
6%
25 x2 50 Francia / Senegal Lilla Moussa Sow
0%
Nessun quiz corrispondente trovato
Distribuzione punteggi
Percentuale di utenti per punteggio
Percentile per numero di risposta
I tuoi punteggi nel tempo
Non hai fatto questo quiz